| 000 | 00987cam a22002773a 4500 | ||
|---|---|---|---|
| 001 | 13602 | ||
| 003 | PGUSA | ||
| 005 | 20140828083307.0 | ||
| 008 | 041005s2004||||xxu|||||s|||||000 | eng d | ||
| 040 |
_aPGUSA _beng |
||
| 042 | _adc | ||
| 050 | 4 | _aE300 | |
| 100 | 1 | _aUnited States. Work Projects Administration | |
| 245 | 1 | 0 |
_aSlave Narratives : _ba Folk History of Slavery in the United States : From Interviews with Former Slaves Georgia Narratives, Part 1 _h[electronic resource] / _cUnited States. Work Projects Administration |
| 260 |
_bProject Gutenberg, _c2004 |
||
| 506 | _aPublic domain in the USA. | ||
| 516 | _aElectronic text | ||
| 653 | _aSlave narratives -- Georgia | ||
| 653 | _aSlaves -- Georgia -- Biography | ||
| 653 | _aSlavery -- Georgia | ||
| 653 | _aAfrican Americans -- Georgia -- Biography | ||
| 653 | _aSlaves -- Georgia -- Social conditions | ||
| 830 | 0 |
_aProject Gutenberg _v13602 |
|
| 856 | 4 | 0 | _uhttp://www.gutenberg.org/ebooks/13602 |
| 942 | _cEB | ||
| 999 |
_c242857 _d242857 |
||